| 000 | 01684cam a2200385 a 4500 | ||
|---|---|---|---|
| 001 | 13908698 | ||
| 003 | EG-ScBUE | ||
| 005 | 20220625123908.0 | ||
| 008 | 050323s2008 enka f 000 000 f eng d | ||
| 020 | _a9781405881982 | ||
| 040 |
_aDLC _beng _erda _cDLC _dDLC _dEG-ScBUE |
||
| 043 | _af-bs--- | ||
| 082 | 0 | 4 |
_a823.914 _222 _bSMI |
| 100 | 1 |
_aMcCall Smith, Alexander, _d1948- _eauthor. _926148 |
|
| 245 | 1 | 4 |
_aThe No. 1 ladies' detective agency / _cAlexander McCall Smith ; retold by Anne Collins. |
| 246 | 3 | _aNumber One Ladies' Detective Agency | |
| 264 | 1 |
_aHarlow, England : _bPearson Education Limited, _c2008. |
|
| 300 |
_a56 pages : _bcolor illustrations ; _c22 cm. |
||
| 336 |
_2rdacontent _atext _btxt |
||
| 337 |
_2rdamedia _aunmediated _bn |
||
| 338 |
_2rdacarrier _avolume _bnc |
||
| 490 | 0 |
_aPenguin readers ; _vLevel 3 |
|
| 521 | _aB1: Pre-Intermediate | ||
| 600 | 1 | 7 |
_aRamotswe, Precious _c(Fictitious character) _vFiction. _2BUEsh |
| 650 | 7 |
_aWomen private investigators _zBotswana _vFiction. _2BUEsh _926150 |
|
| 650 | 7 |
_aNo. 1 Ladies' Detective Agency (Imaginary organization) _vFiction. _2BUEsh _926151 |
|
| 653 |
_cJuly2011 _bHHUUEENN |
||
| 655 |
_vReading book _934232 |
||
| 700 | 1 |
_912524 _aAbrams, Anne Collins, _econtributor. |
|
| 856 | 4 | 2 |
_3Contributor biographical information _uhttp://www.loc.gov/catdir/enhancements/fy0624/2005047587-b.html |
| 856 | 4 | 2 |
_3Publisher description _uhttp://www.loc.gov/catdir/enhancements/fy0624/2005047587-d.html |
| 942 |
_2ddc _cBB |
||
| 999 |
_c15664 _d15664 |
||